000 01435cam a2200397 i 4500
001 68902
003 Mx-PuUPA
005 20221014124144.0
008 221014s2016 mx a gr 00| 0 spa d
020 _a9786072412637
020 _a9789687791760
_qde la colección El barco de vapor
040 _aMx-PuUPA
_bspa
_cMx-PuUPA
_dMx-PuUPA
_erda
041 0 _aspa
100 1 _913403
_aRoncagliolo, Santiago,
_d1975-
245 1 3 _aEl gran escape /
_cSantiago Roncagliolo ; ilustraciones de Juan José Colsa
250 _aPrimera edición
264 1 _aCiudad de México :
_bSM de Ediciones,
_c2014
300 _a142 páginas :
_bilustraciones ;
_c19 cm
336 _2rdacontent
_atexto
_btxt
336 _2rdacontent
_aimagen fija
_bsti
337 _2rdamedia
_asin medio
_bn
338 _2rdacarrier
_avolumen
_bnc
490 1 _aEl barco de vapor. Naranja ;
_v69 M
500 _a"Premio El Barco de Vapor". -- Cubierta.
521 1 _a9+
650 7 _2armarc
_aLiteratura peruana
650 7 _2armarc
_aAmistad
_xLiteratura infantil
650 7 _2armarc
_aLibertad
_xNovelas, cuentos, etc.
650 7 _2armarc
_aHistorias de aventuras
700 1 _aColsa, Juan José,
_eilustrador
830 0 _aBarco de vapor
_pNaranja
_v69 M
942 _2ddc
_cLI
_h808.8035234
_iB2969
999 _c68902
_d68902